[Event "Ivrea Eporediese op 32nd"]
[Site "Ivrea"]
[Date "2015.02.12"]
[Round "3"]
[White "Paonessa, Denis"]
[Black "Chiarotto, Filippo"]
[Result "1/2-1/2"]
[WhiteElo "1800"]
[BlackElo "2055"]
[PlyCount "52"]
[EventDate "2015.02.05"]
[EventType "swiss"]
[EventRounds "9"]
[EventCountry "ITA"]
[SourceTitle "EXT 2017"]
[Source "ChessBase"]
[SourceDate "2016.10.25"]
[SourceVersion "1"]
[SourceVersionDate "2016.10.25"]
[SourceQuality "1"]

1. d4 Nf6 2. c4 e6 3. Nc3 Bb4 4. e3 b6 5. Nge2 Bb7 6. a3 Be7 7. Nf4 d6 8. d5 e5 9. Nd3 Nbd7 10. e4 Nf8 11. Be2 Ng6 12. 0-0 0-0 13. f4 exf4 14. Nxf4 Ne5 15. Be3 Bc8 16. Bd4 Bg4 17. Bxe5 Bxe2 18. Qxe2 dxe5 19. Nd3 Nd7 20. b4 g6 21. Qg4 h5 22. Qg3 h4 23. Qg4 Kg7 24. Nd1 a5 25. Ne3 Bg5 26. Rf3 Qe7 1/2-1/2

[Event "Ivrea Autumn Cup 24th"]
[Site "Ivrea"]
[Date "2013.11.21"]
[Round "7"]
[White "Bellotti, Giuseppe"]
[Black "Paonessa, Denis"]
[Result "0-1"]
[WhiteElo "1744"]
[BlackElo "1841"]
[PlyCount "47"]
[EventDate "2013.10.10"]
[EventType "swiss"]
[EventRounds "9"]
[EventCountry "ITA"]
[SourceTitle "EXT 2017"]
[Source "ChessBase"]
[SourceDate "2016.10.25"]
[SourceVersion "1"]
[SourceVersionDate "2016.10.25"]
[SourceQuality "1"]

1. e4 e5 2. Nf3 Nc6 3. Bb5 a6 4. Ba4 Nf6 5. 0-0 Be7 6. Re1 b5 7. Bb3 0-0 8. h3 Bb7 9. c3 d5 10. exd5 Nxd5 11. Nxe5 Nxe5 12. Rxe5 Bf6 13. Bxd5 Bxd5 14. Re1 c5 15. d4 cxd4 16. cxd4 Rc8 17. Nc3 Bb7 18. Be3 b4 19. Ne2 Qd5 20. Nf4 Qe4 21. Qd3 Qe7 22. Rac1 g5 23. Nh5 Bh8 24. Bf4 0-1

[Event "Ivrea Eporediese op 30th"]
[Site "Ivrea"]
[Date "2013.02.15"]
[Round "4"]
[White "Razzano, Lorenzo"]
[Black "Paonessa, Denis"]
[Result "1/2-1/2"]
[WhiteElo "1982"]
[BlackElo "1845"]
[PlyCount "41"]
[EventDate "2013.01.19"]
[EventType "swiss"]
[EventRounds "9"]
[EventCountry "ITA"]
[SourceTitle "EXT 2014"]
[Source "ChessBase"]
[SourceDate "2013.11.20"]
[SourceVersion "1"]
[SourceVersionDate "2013.11.20"]
[SourceQuality "1"]

1. e4 e5 2. Nf3 Nc6 3. Bb5 a6 4. Bxc6 dxc6 5. 0-0 f6 6. d4 Bg4 7. c3 c5 8. dxe5 Qxd1 9. Rxd1 fxe5 10. Be3 Nf6 11. Nbd2 Bd6 12. Re1 0-0 13. Nxe5 Bxe5 14. f4 Bd6 15. e5 Nd5 16. exd6 cxd6 17. g3 Rae8 18. Bf2 Be2 19. Kg2 Re7 20. Nf3 Rfe8 21. Ng1 1/2-1/2

[Event "Ivrea Autumn Cup 23rd"]
[Site "Ivrea"]
[Date "2012.10.13"]
[Round "4"]
[White "Razzano, Lorenzo"]
[Black "Paonessa, Denis"]
[Result "1/2-1/2"]
[WhiteElo "1961"]
[BlackElo "1845"]
[PlyCount "123"]
[EventDate "2012.09.22"]
[EventType "swiss"]
[EventRounds "9"]
[EventCountry "ITA"]
[SourceTitle "EXT 2014"]
[Source "ChessBase"]
[SourceDate "2013.11.20"]
[SourceVersion "1"]
[SourceVersionDate "2013.11.20"]
[SourceQuality "1"]

1. g3 Nf6 2. Bg2 g6 3. d3 Bg7 4. Nc3 c5 5. e4 d6 6. f4 Nc6 7. Nf3 Bg4 8. 0-0 0-0 9. h3 Bxf3 10. Qxf3 Nd4 11. Qd1 Rb8 12. Ne2 Nxe2+ 13. Qxe2 b5 14. Kh2 Qc7 15. Bd2 a5 16. a4 b4 17. b3 Nd7 18. Rae1 e5 19. f5 Rbd8 20. Qf3 f6 21. h4 Nb8 22. Qg4 Qf7 23. Bh3 Nc6 24. Be3 Nd4 25. Bxd4 cxd4 26. fxg6 hxg6 27. Qe6 Rfe8 28. Qxf7+ Kxf7 29. g4 Rc8 30. Re2 Rc3 31. g5 Ke7 32. Kg3 d5 33. gxf6+ Bxf6 34. exd5 Rf8 35. Rff2 Kd6 36. Be6 Rc7 37. Re4 Rh7 38. Rh2 Bg7 39. Rg4 Rf6 40. Rf2 Ke7 41. Re2 Kd6 42. Rg5 Bh6 43. Rg4 Bf4+ 44. Kg2 g5 45. Rf2 Ke7 46. Rf3 gxh4 47. Rg8 Rf8 48. Rxf8 Kxf8 49. d6 Rh6 50. d7 Ke7 51. Bh3 Rc6 52. Rf2 Rg6+ 53. Kf1 Rg3 54. Be6 h3 55. Bd5 Kxd7 56. Rf3 Rg2 57. Rxh3 Rxc2 58. Rh7+ Kd6 59. Bc4 Bg5 60. Ra7 Bd8 61. Ra6+ Kd7 62. Bb5+ 1/2-1/2

[Event "Piverone op 1st"]
[Site "Piverone"]
[Date "2012.03.11"]
[Round "5"]
[White "Paonessa, Denis"]
[Black "Lavino, Stefano"]
[Result "1-0"]
[WhiteElo "1854"]
[BlackElo "1677"]
[PlyCount "87"]
[EventDate "2012.03.09"]
[EventType "swiss"]
[EventRounds "5"]
[EventCountry "ITA"]
[SourceTitle "EXT 2014"]
[Source "ChessBase"]
[SourceDate "2013.11.20"]
[SourceVersion "1"]
[SourceVersionDate "2013.11.20"]
[SourceQuality "1"]

1. d4 Nf6 2. Bg5 e6 3. e4 Be7 4. Bd3 c5 5. c3 cxd4 6. cxd4 Qa5+ 7. Bd2 Qb6 8. Bc3 Nc6 9. Nf3 Nb4 10. Bxb4 Bxb4+ 11. Nc3 Qd8 12. 0-0 a6 13. e5 Bxc3 14. bxc3 Nd5 15. Qb3 a5 16. c4 Nb4 17. Be4 f5 18. Bb1 b6 19. a3 Nc6 20. d5 a4 21. Qe3 Na5 22. Nd2 Ba6 23. Bd3 Rc8 24. Rfc1 0-0 25. Rab1 Rb8 26. Rb4 exd5 27. cxd5 Bxd3 28. Qxd3 Nb7 29. Rcb1 Nc5 30. Qd4 Qg5 31. Nf3 Qe7 32. Qc4 Ne4 33. d6+ Qf7 34. Qxf7+ Kxf7 35. Rxb6 Rxb6 36. Rxb6 Ke6 37. Rb5 Rc8 38. g3 Rc1+ 39. Kg2 Ra1 40. Nd4+ Kf7 41. e6+ dxe6 42. Rb7+ Ke8 43. d7+ Ke7 44. Nc6+ 1-0

[Event "Arvier Amatori op 2nd"]
[Site "Arvier"]
[Date "2012.01.05"]
[Round "4"]
[White "Paonessa, Denis"]
[Black "Ljubisavljevic, Zivojin Z"]
[Result "0-1"]
[WhiteElo "1844"]
[BlackElo "2214"]
[PlyCount "116"]
[EventDate "2012.01.02"]
[EventType "swiss"]
[EventRounds "7"]
[EventCountry "ITA"]
[SourceTitle "EXT 2014"]
[Source "ChessBase"]
[SourceDate "2013.11.20"]
[SourceVersion "1"]
[SourceVersionDate "2013.11.20"]
[SourceQuality "1"]

1. d4 Nf6 2. c4 e6 3. Nc3 Bb4 4. Bg5 h6 5. Bh4 c5 6. d5 d6 7. e3 g5 8. Bg3 Bxc3+ 9. bxc3 e5 10. f3 Qa5 11. Qc2 b5 12. cxb5 Nxd5 13. Kd2 Be6 14. Bd3 Nd7 15. Ne2 N7b6 16. Rhc1 Ke7 17. Bf2 f5 18. Kd1 Rhf8 19. Ng3 f4 20. exf4 gxf4 21. Nf5+ Bxf5 22. Bxf5 Nxc3+ 23. Qxc3 Qxc3 24. Bh4+ Ke8 25. Bg6+ Kd7 26. Rxc3 Nd5 27. Rd3 Ne3+ 28. Ke2 Rg8 29. Be4 Rxg2+ 30. Bf2 Rag8 31. Rh1 Ke6 32. Ra3 Rb8 33. Bc6 Nc2 34. Rxa7 Nd4+ 35. Kf1 Nxc6 36. bxc6 Rgg8 37. Rb7 Rxb7 38. cxb7 Rb8 39. Rg1 Rxb7 40. Rg6+ Kd5 41. Rxh6 c4 42. Be1 Rb2 43. a3 Rb3 44. Ke2 Re3+ 45. Kd1 c3 46. Bf2 Rxf3 47. Bb6 Rd3+ 48. Kc2 Kc4 49. Rh8 Rd2+ 50. Kc1 f3 51. Rc8+ Kd3 52. Ba5 Rc2+ 53. Kd1 d5 54. Rxc3+ Rxc3 55. Bxc3 Kxc3 56. h4 d4 57. h5 d3 58. h6 f2 0-1

[Event "Arvier Amatori op 2nd"]
[Site "Arvier"]
[Date "2012.01.02"]
[Round "1"]
[White "Paonessa, Denis"]
[Black "Gromovs, Sergejs"]
[Result "0-1"]
[WhiteElo "1844"]
[BlackElo "2297"]
[PlyCount "98"]
[EventDate "2012.01.02"]
[EventType "swiss"]
[EventRounds "7"]
[EventCountry "ITA"]
[SourceTitle "EXT 2014"]
[Source "ChessBase"]
[SourceDate "2013.11.20"]
[SourceVersion "1"]
[SourceVersionDate "2013.11.20"]
[SourceQuality "1"]

1. d4 d5 2. c4 c6 3. Nf3 Nf6 4. Nc3 e6 5. Bg5 dxc4 6. e4 b5 7. e5 h6 8. Bh4 g5 9. Nxg5 hxg5 10. Bxg5 Be7 11. exf6 Bxf6 12. Bxf6 Qxf6 13. g3 Bb7 14. Ne4 Qe7 15. Nc5 Na6 16. Nxb7 Qxb7 17. Bg2 0-0-0 18. 0-0 Nb4 19. Qg4 Qd7 20. Rfd1 f5 21. Qe2 f4 22. a3 Nd5 23. Rac1 Kb7 24. a4 a6 25. axb5 axb5 26. Ra1 Qh7 27. Qxe6 Qxh2+ 28. Kf1 Qh7 29. Ra6 Qd7 30. Qxd7+ Rxd7 31. Rda1 Kc7 32. gxf4 Kd6 33. Re1 Nb4 34. Ra5 Nd3 35. Re2 Nxf4 36. Re3 Rg7 37. Bf3 Rgh7 38. Kg1 Rh3 39. Ra6 Nd5 40. Bxd5 Rxe3 41. fxe3 Kxd5 42. Ra7 Ke4 43. Re7+ Kd3 44. Kf2 Rh2+ 45. Kf3 Rxb2 46. Rc7 Re2 47. Rxc6 Rxe3+ 48. Kf2 Kxd4 49. Rc8 Re5 0-1

[Event "Ivrea Autumn 22th"]
[Site "Ivrea"]
[Date "2011.10.13"]
[Round "3"]
[White "Paonessa, Denis"]
[Black "Ranieri, Fabrizio"]
[Result "0-1"]
[WhiteElo "1882"]
[BlackElo "2299"]
[PlyCount "52"]
[EventDate "2011.09.??"]
[EventType "swiss"]
[EventRounds "8"]
[EventCountry "ITA"]
[SourceTitle "EXT 2024"]
[Source "ChessBase"]
[SourceDate "2023.10.10"]
[SourceVersion "1"]
[SourceVersionDate "2023.10.10"]
[SourceQuality "1"]

1. d4 e6 2. c4 d5 3. Nc3 c6 4. e4 dxe4 5. Nxe4 Bb4+ 6. Bd2 Qxd4 7. Bxb4 Qxe4+ 8. Ne2 Na6 9. Bf8 Ne7 10. Bxg7 Rg8 11. Qd4 Qxd4 12. Bxd4 Nb4 13. Kd2 Nf5 14. Bc3 c5 15. g3 Bd7 16. a3 Bc6 17. Rg1 0-0-0+ 18. Kc1 Nd3+ 19. Kc2 Be4 20. Kb3 Nxf2 21. Nf4 Nd4+ 22. Ka2 e5 23. Ne2 Bc2 24. Rc1 Bb3+ 25. Kb1 Nf3 26. Rg2 Nd3 0-1

[Event "Ivrea op 15th"]
[Site "Ivrea"]
[Date "2011.04.01"]
[Round "1"]
[White "Paonessa, Denis"]
[Black "Liviabella, Lucio"]
[Result "1-0"]
[WhiteElo "1892"]
[BlackElo "1627"]
[PlyCount "95"]
[EventDate "2011.04.01"]
[EventType "swiss"]
[EventRounds "5"]
[EventCountry "ITA"]
[SourceTitle "EXT 2024"]
[Source "ChessBase"]
[SourceDate "2023.10.10"]
[SourceVersion "1"]
[SourceVersionDate "2023.10.10"]
[SourceQuality "1"]

1. d4 Nf6 2. c4 g6 3. Nc3 Bg7 4. e4 d6 5. Nf3 0-0 6. Be2 Nbd7 7. 0-0 e5 8. d5 Nc5 9. Nd2 Bh6 10. Qc2 Bg4 11. b4 Bxe2 12. Nxe2 Bxd2 13. Bxd2 Ncxe4 14. Bh6 Re8 15. f3 Nxd5 16. cxd5 Nf6 17. Nc3 Nh5 18. Ne4 f6 19. Rac1 Rc8 20. g4 Ng7 21. g5 Nh5 22. gxf6 Nxf6 23. Bg5 Rf8 24. Qg2 c6 25. Nxf6+ Rxf6 26. Bxf6 Qxf6 27. Qg4 Rc7 28. Qe6+ Qxe6 29. dxe6 Re7 30. f4 Rxe6 31. fxe5 Rxe5 32. Rce1 Rb5 33. a3 a5 34. Rf4 b6 35. Re6 Rd5 36. Kf2 axb4 37. axb4 Rd2+ 38. Kg3 c5 39. bxc5 bxc5 40. h4 d5 41. Rd6 d4 42. Rd5 Rc2 43. Rf3 Rc1 44. Rd7 Rg1+ 45. Kf4 Rh1 46. Kg5 Rg1+ 47. Kh6 Rh1 48. Rd8# 1-0

[Event "Ivrea Eporediese op 28th"]
[Site "Ivrea"]
[Date "2011.03.31"]
[Round "9"]
[White "Bosticardo, Andrea"]
[Black "Paonessa, Denis"]
[Result "0-1"]
[WhiteElo "1302"]
[BlackElo "1892"]
[PlyCount "32"]
[EventDate "2011.01.27"]
[EventType "swiss"]
[EventRounds "9"]
[EventCountry "ITA"]
[SourceTitle "EXT 2012"]
[Source "ChessBase"]
[SourceDate "2011.11.24"]
[SourceVersion "1"]
[SourceVersionDate "2011.11.24"]
[SourceQuality "1"]

1. e4 e5 2. Nf3 Nc6 3. Nc3 Nf6 4. Bc4 Nxe4 5. Nxe4 d5 6. Bxd5 Qxd5 7. Nfg5 Bf5 8. d3 0-0-0 9. 0-0 h6 10. c4 Qxd3 11. Be3 Qxd1 12. Raxd1 Rxd1 13. Rxd1 hxg5 14. Nxg5 f6 15. Nf7 Rh7 16. Bxa7 b6 0-1

[Event "Ivrea Eporediese op 28th"]
[Site "Ivrea"]
[Date "2011.02.19"]
[Round "5"]
[White "Ranieri, Fabrizio"]
[Black "Paonessa, Denis"]
[Result "1-0"]
[WhiteElo "2279"]
[BlackElo "1892"]
[PlyCount "59"]
[EventDate "2011.01.27"]
[EventType "swiss"]
[EventRounds "9"]
[EventCountry "ITA"]
[SourceTitle "EXT 2012"]
[Source "ChessBase"]
[SourceDate "2011.11.24"]
[SourceVersion "1"]
[SourceVersionDate "2011.11.24"]
[SourceQuality "1"]

1. e4 e5 2. Nf3 Nc6 3. Bc4 Nf6 4. d3 h6 5. 0-0 d6 6. c3 g6 7. Be3 Bg7 8. h3 0-0 9. Nbd2 Qe7 10. b4 Kh7 11. Re1 Ne8 12. d4 f5 13. dxe5 Nxe5 14. Nxe5 dxe5 15. Qe2 f4 16. Bc5 Nd6 17. Bd5 Rd8 18. Rad1 Bf8 19. a4 c6 20. Bb3 b6 21. Bxd6 Rxd6 22. Nf3 Bb7 23. Qc4 Bg7 24. Rxd6 Qxd6 25. Qf7 Ba6 26. Rd1 Qf6 27. Qc7 Be2 28. Rd6 Qf8 29. Nxe5 Rc8 30. Qd7 1-0

[Event "Ivrea op 14th"]
[Site "Ivrea"]
[Date "2010.03.20"]
[Round "2"]
[White "Castaldo, Folco"]
[Black "Paonessa, Denis"]
[Result "1-0"]
[WhiteElo "2407"]
[BlackElo "1908"]
[PlyCount "61"]
[EventDate "2010.03.19"]
[EventType "swiss"]
[EventRounds "5"]
[EventCountry "ITA"]
[SourceTitle "EXT 2024"]
[Source "ChessBase"]
[SourceDate "2023.10.10"]
[SourceVersion "1"]
[SourceVersionDate "2023.10.10"]
[SourceQuality "1"]

1. e4 e5 2. Nc3 Nf6 3. g3 Bc5 4. Bg2 c6 5. Nf3 d6 6. 0-0 0-0 7. d4 exd4 8. Nxd4 Bg4 9. Nde2 Nbd7 10. Na4 Re8 11. Nxc5 Nxc5 12. f3 Be6 13. Be3 Na6 14. Qd2 Qe7 15. Rae1 Nc7 16. h3 d5 17. e5 Nd7 18. f4 f5 19. Nd4 c5 20. Nxe6 Qxe6 21. c3 Rad8 22. Rd1 d4 23. cxd4 cxd4 24. Qxd4 Qxa2 25. Qd6 Ne6 26. Bd5 Qa6 27. Qxa6 bxa6 28. Bxa7 Kf7 29. Bc4 Ke7 30. Bxe6 Kxe6 31. Rd6+ 1-0

[Event "Ivrea Eporediese op 27th"]
[Site "Ivrea"]
[Date "2010.02.04"]
[Round "3"]
[White "Renzini, Lorenzo"]
[Black "Paonessa, Denis"]
[Result "1-0"]
[WhiteElo "1746"]
[BlackElo "1908"]
[PlyCount "103"]
[EventDate "2010.01.21"]
[EventType "swiss"]
[EventRounds "6"]
[EventCountry "ITA"]
[SourceTitle "EXT 2024"]
[Source "ChessBase"]
[SourceDate "2023.10.10"]
[SourceVersion "1"]
[SourceVersionDate "2023.10.10"]
[SourceQuality "1"]

1. c4 e5 2. Nc3 Bb4 3. Nd5 Ba5 4. b4 c6 5. bxa5 cxd5 6. cxd5 Qxa5 7. e4 Nf6 8. Qc2 0-0 9. Bd3 d6 10. Ne2 Nbd7 11. Qc3 Qxc3 12. Nxc3 Nc5 13. Bc2 Bd7 14. f3 b5 15. Ne2 b4 16. d4 exd4 17. Nxd4 Rfe8 18. Kf2 Rec8 19. Bf4 Ne8 20. Rhd1 a5 21. Rac1 Na4 22. Nc6 Bxc6 23. dxc6 Nc3 24. Rd2 Rxc6 25. Ra1 a4 26. Bd1 Rac8 27. Rb2 Nxd1+ 28. Rxd1 Rc2+ 29. Rd2 Rxb2 30. Rxb2 Rb8 31. Ke2 Kf8 32. Kd3 Ke7 33. Kc4 Nc7 34. Rxb4 d5+ 35. Kc3 d4+ 36. Kc4 Rxb4+ 37. Kxb4 d3 38. Kc3 Na6 39. Be3 Kd6 40. a3 Kc6 41. Kxd3 Nc7 42. Kc4 Na6 43. f4 g6 44. g4 Nc7 45. Kb4 Nb5 46. e5 Nc7 47. Kxa4 Nd5 48. Bd2 Kc5 49. f5 Nb6+ 50. Kb3 gxf5 51. gxf5 Kd4 52. e6 1-0

[Event "Ivrea Eporediese op 26th"]
[Site "Ivrea"]
[Date "2009.02.26"]
[Round "7"]
[White "Bruno, Fabrizio"]
[Black "Paonessa, Denis"]
[Result "1-0"]
[WhiteElo "1948"]
[BlackElo "1933"]
[PlyCount "89"]
[EventDate "2009.01.15"]
[EventType "swiss"]
[EventRounds "9"]
[EventCountry "ITA"]
[SourceTitle "EXT 2011"]
[Source "ChessBase"]
[SourceDate "2010.11.26"]
[SourceVersion "1"]
[SourceVersionDate "2010.11.26"]
[SourceQuality "1"]

1. e4 g6 2. d4 Bg7 3. Nc3 d6 4. Bc4 c6 5. Be3 d5 6. exd5 b5 7. Bb3 b4 8. Ne4 cxd5 9. Nc5 Nf6 10. Qd2 a5 11. Ne2 Na6 12. Ba4+ Nd7 13. Bc6 Ra7 14. Nxd7 Bxd7 15. Bxd5 Nc7 16. Bc4 0-0 17. 0-0 Nb5 18. Bh6 Rc7 19. Bxg7 Kxg7 20. Bd3 Bc6 21. c3 Qd5 22. f3 Qd6 23. Rac1 Rd8 24. Be4 e5 25. Rfd1 Bxe4 26. fxe4 exd4 27. cxd4 Rxc1 28. Qxc1 Qb6 29. Qe3 a4 30. e5 a3 31. bxa3 bxa3 32. h3 Rc8 33. Qb3 Qa5 34. Rf1 Rc7 35. e6 fxe6 36. Qxe6 Nc3 37. Qf6+ Kh6 38. Nxc3 Qxc3 39. Rf4 Qe1+ 40. Kh2 Kh5 41. h4 Kh6 42. Qg5+ Kg7 43. Qf6+ Kh6 44. Qf8+ Kh5 45. g4+ 1-0

[Event "Ivrea Eporediese op 26th"]
[Site "Ivrea"]
[Date "2009.02.12"]
[Round "5"]
[White "Vigliocco, Davide"]
[Black "Paonessa, Denis"]
[Result "0-1"]
[WhiteElo "1470"]
[BlackElo "1933"]
[PlyCount "100"]
[EventDate "2009.01.15"]
[EventType "swiss"]
[EventRounds "9"]
[EventCountry "ITA"]
[SourceTitle "EXT 2011"]
[Source "ChessBase"]
[SourceDate "2010.11.26"]
[SourceVersion "1"]
[SourceVersionDate "2010.11.26"]
[SourceQuality "1"]

1. e4 g6 2. d4 Bg7 3. Be3 d6 4. Bc4 c6 5. Nf3 d5 6. exd5 cxd5 7. Bb3 Nh6 8. Nc3 e6 9. Qd2 Nf5 10. Bf4 a6 11. 0-0-0 Nc6 12. Be3 0-0 13. g4 Nxe3 14. fxe3 Na5 15. Kb1 Nxb3 16. axb3 a5 17. h4 h6 18. e4 dxe4 19. Nxe4 a4 20. h5 axb3 21. cxb3 Qd5 22. Qd3 e5 23. g5 Bf5 24. Rhe1 Rfc8 25. Rc1 Rxc1+ 26. Kxc1 Ra1+ 27. Kd2 Rxe1 28. Nxe1 Qxe4 29. gxh6 Bxh6+ 30. Kc2 Qxd3+ 31. Nxd3 Bxd3+ 32. Kxd3 exd4 33. hxg6 fxg6 34. Kxd4 Kf7 35. Kc5 Be3+ 36. Kd5 Kf6 37. Ke4 Bg1 38. Kf4 g5+ 39. Kg4 Be3 40. b4 b6 41. b5 Bc5 42. b3 Kg6 43. Kh3 Kf5 44. Kg3 g4 45. Kg2 Kf4 46. Kh2 Kf3 47. b4 Bxb4 48. Kg1 g3 49. Kh1 g2+ 50. Kg1 Bc5+ 0-1

[Event "Ivrea Eporediese op 26th"]
[Site "Ivrea"]
[Date "2009.01.29"]
[Round "3"]
[White "Castaldo, Folco"]
[Black "Paonessa, Denis"]
[Result "1-0"]
[WhiteElo "2419"]
[BlackElo "1933"]
[PlyCount "21"]
[EventDate "2009.01.15"]
[EventType "swiss"]
[EventRounds "9"]
[EventCountry "ITA"]
[SourceTitle "EXT 2011"]
[Source "ChessBase"]
[SourceDate "2010.11.26"]
[SourceVersion "1"]
[SourceVersionDate "2010.11.26"]
[SourceQuality "1"]

1. e4 g6 2. d4 Bg7 3. Nf3 d6 4. Bc4 c6 5. Nc3 e6 6. Bg5 Qa5 7. 0-0 d5 8. Bb3 Nd7 9. Qe1 Ngf6 10. e5 Ng8 11. Nxd5 1-0

[Event "Ivrea Eporediese op 26th"]
[Site "Ivrea"]
[Date "2009.01.15"]
[Round "1"]
[White "Listello, Massimiliano"]
[Black "Paonessa, Denis"]
[Result "0-1"]
[WhiteElo "1482"]
[BlackElo "1933"]
[PlyCount "50"]
[EventDate "2009.01.15"]
[EventType "swiss"]
[EventRounds "9"]
[EventCountry "ITA"]
[SourceTitle "EXT 2011"]
[Source "ChessBase"]
[SourceDate "2010.11.26"]
[SourceVersion "1"]
[SourceVersionDate "2010.11.26"]
[SourceQuality "1"]

1. e4 g6 2. d4 Bg7 3. Nf3 d6 4. b3 Nc6 5. Bb2 Bg4 6. Be2 e5 7. h3 Bxf3 8. Bxf3 Nxd4 9. Nc3 Nxf3+ 10. Qxf3 Nf6 11. 0-0 0-0 12. Rfd1 c6 13. Ba3 Ne8 14. Na4 Qc7 15. c4 Rd8 16. c5 d5 17. exd5 Rxd5 18. Rxd5 e4 19. Qxe4 cxd5 20. Qxd5 Bxa1 21. Qc4 Nf6 22. Nc3 Rd8 23. Nb5 Rd1+ 24. Qf1 Rxf1+ 25. Kxf1 Qd7 0-1